000 00636nac a22001931u 4500
020 _a0070583706
082 0 0 _a621.381
_bK148
090 _c89
_d89
100 _aKalsi, H.S.
245 1 0 _aElectronic instrumentation /
_cH.S. Kalsi.
250 _a2nd ed.
260 _aNew Delhi
_c2004
_bMcGraw-Hill
300 _a801 p.
_billus.
_c23 cm.
440 _aElectronic Engineering Series
650 0 _aElectronics.
650 0 _aElectronic instruments.
942 _cBB
_k621.381K148
999 _c89
_d89